Libro rimado del palacio / (Record no. 93608)

MARC details
000 -LEADER
campo de control de longitud fija 00738nam a2200241 i 4500
001 - NÚMERO DE CONTROL
campo de control 93608
003 - IDENTIFICADOR DE NÚMERO DE CONTROL
campo de control ES-MaACL
005 - FECHA Y HORA DE LA ÚLTIMA TRANSACCIÓN
campo de control 20240703063056.0
007 - CAMPO FIJO DE DESCRIPCIÓN FÍSICA--INFORMACIÓN GENERAL
campo de control de longitud fija t|
008 - DATOS DE LONGITUD FIJA--INFORMACIÓN GENERAL
campo de control de longitud fija 050415s1978 sp ||||1| spa d
080 ## - NÚMERO DE LA CLASIFICACIÓN DECIMAL UNIVERSAL
Número de la Clasificación Decimal Universal 821.134.2-14"13"
100 1# - ENTRADA PRINCIPAL--NOMBRE DE PERSONA
Nombre de persona López de Ayala, Pedro,
Fechas asociadas al nombre 1332-1407
9 (RLIN) 73530
245 10 - MENCIÓN DEL TÍTULO
Título Libro rimado del palacio /
Mención de responsabilidad, etc. Pedro López de Ayala; edición, estudio y notas de Jacques Joset.
250 ## - MENCION DE EDICION
Mención de edición [1ª ed.].
260 ## - PUBLICACIÓN, DISTRIBUCIÓN, ETC.
Lugar de publicación, distribución, etc. Madrid :
Nombre del editor, distribuidor, etc. Alhambra,
Fecha de publicación, distribución, etc. 1978.
300 ## - DESCRIPCIÓN FÍSICA
Extensión 2 v. ;
Dimensiones 20 cm.
490 1# - MENCIÓN DE SERIE
Mención de serie Clásicos
700 1# - ENTRADA AGREGADA--NOMBRE PERSONAL
Nombre de persona Joset, Jacques.
9 (RLIN) 66990
830 0# - PUNTO DE ACCESO ADICIONAL DE SERIE-TÍTULO UNIFORME
Título uniforme Colección Clásicos (Alhambra) ;
9 (RLIN) 235956
Designación de volumen o secuencia 7-8
852 ## - LOCALIZACIÓN
Ubicación ES-MaACL
Número de control de estantería A-9129-30
Sublocalización o colección R.97927
942 ## - ELEMENTOS DE ENTRADA SECUNDARIOS (KOHA)
Fuente del sistema de clasificación o colocación Clasificación decimal universal
Holdings
Estatus retirado Estado de pérdida Estado de daño No para préstamo Biblioteca de origen Biblioteca actual Ubicación en estantería Fecha de adquisición Fuente de adquisición Total de préstamos Signatura topográfica completa Código de barras Visto por última vez Precio de reemplazo Tipo de ítem Koha
        Biblioteca del Ateneo de Madrid Biblioteca del Ateneo de Madrid Depósito 1 17/01/2008     A-9129-30 1097752 23/02/2023 23/02/2023 Libro impreso